| 000 | 00954nam a22003137a 4500 | ||
|---|---|---|---|
| 001 | 343 | ||
| 003 | FISKH | ||
| 005 | 20230328091840.0 | ||
| 008 | 230328b cb ||||| |||| 00| 0 eng d | ||
| 020 | _a9780516274935 | ||
| 040 |
_aDLC _cDLC _dDLC _dFISKH _beng |
||
| 042 | _alcac | ||
| 050 | 0 | 0 |
_aPZ7.H1887 _bDi 1983 |
| 082 | 0 | 0 |
_a468 _219 |
| 100 | 1 | _aHamsa, Bobbie. | |
| 245 | 1 | 0 |
_aDirty Larry / _cby Bobbie Hamsa ; illustrations by Paul Sharp ; prepared under the direction of Robert Hillerich. |
| 260 |
_aNew York : _bScholastic. _c2002. |
||
| 300 |
_a23 pages. _bcol. ill. ; _c18 cm. |
||
| 440 | 2 | _aA Rookie reader | |
| 500 | _aIncludes word list. | ||
| 505 | _aB | ||
| 520 | _aDirty Larry is never clean except when he is in the shower. | ||
| 521 | 8 |
_a150
_bLexile |
|
| 521 | 8 |
_aB
_bRaz-Plus |
|
| 650 | 1 |
_aCleanliness _xFiction. |
|
| 700 | 1 |
_aSharp, Paul, _eill. |
|
| 906 |
_a7 _bcbc _corignew _d1 _eocip _f19 _gy-gencatlg |
||
| 942 |
_2ddc _cBK _n0 |
||
| 999 |
_c343 _d343 |
||